| 000 | 00432nam a2200157Ia 4500 | ||
|---|---|---|---|
| 005 | 20250424120220.0 | ||
| 008 | 250424s9999 xx 000 0 und d | ||
| 022 | _a20061781 | ||
| 050 | _aQA 75.5 .A37/ | ||
| 245 | 0 | _aAfrican journal of computing & ICTs | |
| 260 | _aAbuja | ||
| 260 | _c2011 | ||
| 300 | _avi. , 178 p. ; 29 cm. | ||
| 650 | _aComputer science--Periodicals Computer science--Nigeria--Periodicals. | ||
| 942 | _cSR | ||
| 999 |
_c38044 _d38044 |
||